| 000 | 01026nam0a22002891 4500 | ||
|---|---|---|---|
| 001 | v19\rc\1672186 | ||
| 005 | 20250619053025.0 | ||
| 035 | _a(NLR Aleph) 004840860 | ||
| 090 |
_a4820519 _c4820519 |
||
| 100 | _a20061002d1893 |||y0rusy50 ca | ||
| 101 | 0 | _arus | |
| 102 | _aRU | ||
| 105 | _ay z ||||| | ||
| 200 | 1 |
_aКрейцерова соната _eШутка в 1 д. _fР. |
|
| 210 |
_aМосква _cЛит. Моск. театр. б-ки С.Ф. Рассохина _dценз. 1893 |
||
| 215 |
_a14 с. _d22 |
||
| 300 | _aАвт. установлен по изд.: Масанов И.Ф. Словарь псевдонимов... М., 1958. Т. 3. С. 8 | ||
| 309 | _aНаписано от руки. Литогр. | ||
| 700 | 1 |
_aРебиков _bВ.И. _f1866-1920 _gВладимир Иванович |
|
| 790 | 0 |
_aР. _f1866-1920 |
|
| 801 | 0 |
_aRU _bNLR _gpsbo |
|
| 801 | 0 |
_aRU _bRuMoRGB _2psbo |
|
| 801 | 1 |
_aRU _bProSoft-M _2rusmarc |
|
| 852 |
_aNLR _j18.182.2.92 |
||
| 899 |
_aRuMoRGB _jA 206/278 |
||
| 942 | _cBOOK | ||
| 980 | _aNB | ||